Moderná výučba cudzích jazykov s využitím pojmových máp (na príklade výučby nemeckého jazyka)

Gespeichert in:
Bibliographische Detailangaben
1. Verfasser: Kucharová, Jana, 1981-
Format: Buchkapitel
Sprache:Slowakisch
Tags: Tag hinzufügen
Keine Tags, Fügen Sie das erste Tag hinzu!

MARC

LEADER 00000naa$a2200000$$$4500
001 0247540
005 20240923132710.2
041 0 |a slo 
044 |a CZ 
245 1 0 |a Moderná výučba cudzích jazykov s využitím pojmových máp (na príklade výučby nemeckého jazyka)  |c Jana Kucharová 
100 1 |a Kucharová, Jana, 1981-